[Event "Bosnjaci op 13th"]
[Site "Bosnjaci"]
[Date "2008.01.08"]
[Round "8"]
[White "Marijanovic, Zvonimir"]
[Black "Lacic, Stjepan"]
[Result "0-1"]
[WhiteElo "1851"]
[BlackElo "1957"]
[PlyCount "87"]
[EventDate "2008.01.03"]
[EventType "swiss"]
[EventRounds "9"]
[EventCountry "CRO"]
[SourceTitle "CBM 122 Extra"]
[Source "ChessBase"]
[SourceDate "2008.03.04"]
[SourceVersion "1"]
[SourceVersionDate "2008.03.04"]
[SourceQuality "1"]

1. d4 d5 2. Nf3 Nf6 3. Bf4 e6 4. e3 c5 5. c3 Nc6 6. Nbd2 Be7 7. Bd3 Bd6 8. Ne5 c4 9. Bc2 Qc7 10. Ndf3 Ne7 11. g4 Ng6 12. Bg3 Nd7 13. Nxg6 hxg6 14. e4 Bxg3 15. fxg3 Qxg3+ 16. hxg3 Rxh1+ 17. Kf2 Rxd1 18. Rxd1 Nf6 19. g5 Nd7 20. Rh1 Ke7 21. e5 b5 22. Rh7 Bb7 23. Rxg7 Kf8 24. Rh7 Kg8 25. Rh1 Kg7 26. Kg2 a5 27. Nh2 Rh8 28. Rb1 Bc6 29. Bd1 b4 30. cxb4 axb4 31. a4 b3 32. Ra1 Ra8 33. a5 Nb6 34. Ng4 Na4 35. Rb1 Rxa5 36. Nf6 Nb6 37. Bf3 Ra2 38. Kh3 Na4 39. Kg4 Nxb2 40. Rh1 Ra8 41. Rh7+ Kf8 42. Rh8+ Ke7 43. Ng8+ Rxg8 44. Rxg8 0-1

[Event "Bosnjaci op 13th"]
[Site "Bosnjaci"]
[Date "2008.01.07"]
[Round "7"]
[White "Ikica, Ante"]
[Black "Marijanovic, Zvonimir"]
[Result "1-0"]
[WhiteElo "2028"]
[BlackElo "1851"]
[PlyCount "117"]
[EventDate "2008.01.03"]
[EventType "swiss"]
[EventRounds "9"]
[EventCountry "CRO"]
[SourceTitle "CBM 122 Extra"]
[Source "ChessBase"]
[SourceDate "2008.03.04"]
[SourceVersion "1"]
[SourceVersionDate "2008.03.04"]
[SourceQuality "1"]

1. e4 c5 2. Nf3 Nc6 3. c3 g6 4. Be2 Bg7 5. 0-0 d6 6. h3 Nf6 7. d3 0-0 8. Re1 e5 9. Bf1 h6 10. d4 cxd4 11. cxd4 a6 12. Nc3 b5 13. a4 b4 14. dxe5 dxe5 15. Nd5 Be6 16. Bc4 Na5 17. Nxf6+ Qxf6 18. Bxe6 Qxe6 19. Qd5 Nb3 20. Qxe6 fxe6 21. Rb1 Rfd8 22. Be3 Rd6 23. Red1 Rad8 24. Rxd6 Rxd6 25. Kf1 Kf7 26. Ke1 Ke7 27. Rd1 Nd4 28. Rc1 Kd7 29. Nd2 Rc6 30. Rc4 Kd6 31. Bxd4 exd4 32. Rxb4 Kc5 33. Rb7 Be5 34. Ke2 Rd6 35. Kd3 Bf6 36. f4 e5 37. Nc4 Re6 38. b4+ Kc6 39. Na5+ Kd6 40. Ra7 exf4 41. Nc4+ Kc6 42. Rxa6+ Kd7 43. Ra7+ Kc8 44. b5 Kb8 45. Rd7 g5 46. a5 Kc8 47. Rd6 Rxd6 48. Nxd6+ Kb8 49. Nf5 h5 50. Nxd4 g4 51. e5 Bg5 52. e6 Kb7 53. Nf5 f3 54. gxf3 gxh3 55. Ng3 h2 56. Ke4 Bh4 57. Nh1 Bd8 58. f4 Bf6 59. Kd5 1-0